[Event "FISU World University"]
[Site "Tornelo INT"]
[Date "2020.10.28"]
[Round "8.9"]
[White "Azhar, Muhd Irfan Haqqim"]
[Black "Senthil, Maran K"]
[Result "1/2-1/2"]
[WhiteElo "1830"]
[BlackElo "2246"]
[PlyCount "135"]
[EventDate "2020.10.26"]
[EventType "team-swiss (rapid)"]
[EventRounds "9"]
[EventCountry "NET"]
[SourceTitle "CBM 199 Extra"]
[Source "ChessBase"]
[SourceDate "2021.01.31"]
[SourceVersion "1"]
[SourceVersionDate "2021.01.31"]
[SourceQuality "1"]
[WhiteTeam "Malaysia II"]
[BlackTeam "India"]
[WhiteTeamCountry "MAS"]
[BlackTeamCountry "IND"]

1. d4 Nf6 2. Nf3 d5 3. Bf4 c5 4. e3 Nc6 5. c3 Nh5 6. Bg3 Nxg3 7. hxg3 g6 8. Bd3 Bg7 9. Nbd2 Qb6 10. b3 e5 11. dxe5 Nxe5 12. Nxe5 Bxe5 13. Rc1 0-0 14. 0-0 Be6 15. Nf3 Bf6 16. Qc2 Rfd8 17. Rfd1 Rac8 18. Qe2 Bg4 19. c4 dxc4 20. Bxc4 Rxd1+ 21. Rxd1 Rd8 22. Rxd8+ Qxd8 23. Qd3 Qe7 24. e4 a6 25. a4 Kg7 26. Qd5 Be6 27. Qd3 Bc8 28. Qd5 Be6 29. Qd3 Bxc4 30. Qxc4 Qd6 31. Qe2 Bd4 32. Qc4 Kf6 33. b4 Kg7 34. e5 Bxe5 35. bxc5 Qd1+ 36. Kh2 Bf6 37. Qe4 Qd7 38. g4 h6 39. g3 Kf8 40. Qf4 Kg7 41. Qe4 Qe7 42. Qd5 Qc7 43. Nd2 Qc6 44. Qxc6 bxc6 45. Kg2 Be7 46. Nb3 Kf6 47. Nd4 Bxc5 48. Nxc6 Ke6 49. a5 Kd5 50. Nb8 Bd6 51. Nd7 Bc7 52. Kf3 Bxa5 53. Nb8 Bc7 54. Nxa6 Bd6 55. Ke3 f6 56. Kd3 f5 57. gxf5 gxf5 58. Ke3 Ke5 59. Kd3 h5 60. Ke3 f4+ 61. gxf4+ Kf5 62. Kf3 h4 63. Kg2 Kxf4 64. Kh3 Kg5 65. f4+ Kh5 66. f5 Kg5 67. f6 Kxf6 68. Kxh4 1/2-1/2